=LDR 00000nam 2200000 4500 =001 000968 =005 20250712015816 =035 ##$$a 0010-0725000847 =007 ta =008 250712################a##########0#ind## =020 ##$$a 978-623-307-631-9 =082 ##$$a 398.280 2 =084 ##$$a 398.280 2 KUM m =100 #$$a Kumar mala =245 1#$$a Mau yang itu! /$c Mala kumar =250 ##$$a Cetakan pertama =260 ##$$a Rawamangun :$b Badan pengembangan dan pembinaan bahasa,$c 2022 =300 ##$$a 14 hlm. : $b Ilus. ; $c 22,9 cm. =650 #4$$a Cerita anak indonesia-terjemahan =650 #4$$a Literasi-bahan bacaan